00937cam a22002775a 45000010009000000050017000090080041000260200018000670400028000850820021001131000017001342450045001512500012001962600031002083000034002394900046002735000024003195000027003435040041003706500031004116510010004426530024004529420008004769990017004849520158005011761796820161017111609.0130208s2013 enka frbd 001 0 eng d a9781447148838 aDLCcDLCbengdEG-ScBUE04222a006.312bBRA1 aBramer, Max.10aPrinciples of data mining /cMax Bramer. a2nd ed. aLondon :bSpringer,c2013. axiv, 440 p. :bill. ;c24 cm.0 aUndergraduate topics in computer science. aIndex : p. 435-440. aGlossary : p. 387-406. aIncludes bibliographical references. 72BUEsh927695aData mining. 2BUEsh bCOMSCIcOctober2016 2ddc c22633d22605 00102ddc40708AcademicaMAINbMAINcLOWd2016-10-17ePurchaseg450.00h9128l1m6o006.312 BRAp000034139r2025-07-15 00:00:00s2018-09-25v562.00yBB